000 00459nam a22001817a 4500
003 MPLRDC
005 20220104183446.0
008 210129b ||||| |||| 00| 0 eng d
020 _a7-5614-2913-4
082 _a859.8 DJW v.2
100 _a独角王工作室编
245 _a趣味儿歌
_c
250 _a一版一刷
260 _a中国
_b四川大学出版社
_c2004
300 _b
650 _a童诗; 童谣; 谜语
942 _cBK
_o859.8 DJW v.2
999 _c62416
_d62406